[Event "Kaluga Tsiolkovsky Memorial op"]
[Site "Kaluga"]
[Date "2014.08.02"]
[Round "1"]
[White "Shkodin, Vyacheslav"]
[Black "Kaminnik, Ivan"]
[Result "1-0"]
[WhiteElo "1824"]
[BlackElo "2137"]
[PlyCount "122"]
[EventDate "2014.08.02"]
[EventType "swiss"]
[EventRounds "8"]
[EventCountry "RUS"]
[SourceTitle "EXT 2023"]
[Source "ChessBase"]
[SourceDate "2022.10.05"]
[SourceVersion "1"]
[SourceVersionDate "2022.10.05"]
[SourceQuality "1"]

1. c4 Nf6 2. Nc3 g6 3. Nf3 Bg7 4. e4 d6 5. d4 0-0 6. Bd3 c5 7. d5 e5 8. 0-0 Nh5 9. Bg5 f6 10. Be3 Na6 11. Rc1 Bd7 12. Qd2 f5 13. Bh6 f4 14. Bxg7 Kxg7 15. Qe2 h6 16. h3 Qe7 17. Nh2 Rf7 18. Qf3 Raf8 19. Be2 Nf6 20. Qd3 h5 21. Qd1 Nh7 22. Nf3 g5 23. Nh2 Nf6 24. Bxh5 Nxh5 25. Qxh5 Rh8 26. Qf3 Rh4 27. Qe2 Kg6 28. f3 Nc7 29. Kf2 Rh8 30. Rh1 a6 31. Ng4 b5 32. b3 Rff8 33. Qe1 Rb8 34. Rb1 Qh7 35. Ne2 Qh4+ 36. g3 fxg3+ 37. Nxg3 Rbf8 38. Kg2 Qh7 39. Qa5 Qf7 40. Rbf1 Bc8 41. Qb6 Na8 42. Nxe5+ Kg7 43. Nxf7 Nxb6 44. Nxh8 bxc4 45. h4 cxb3 46. axb3 gxh4 47. Rxh4 Rxh8 48. Rxh8 Kxh8 49. Nh5 Kg8 50. f4 Kf7 51. Kf3 Bd7 52. Rg1 Bb5 53. Rg7+ Kf8 54. Ke3 Be8 55. Rh7 Nd7 56. Rh8+ Ke7 57. Ng7 Nf6 58. Nxe8 Nxe8 59. e5 Kd7 60. Rxe8 Kxe8 61. e6 Ke7 1-0

[Event "Kaluga Tsiolkovsky Memorial op"]
[Site "Kaluga"]
[Date "2013.08.10"]
[Round "8"]
[White "Ogurtzov, Igor"]
[Black "Shkodin, Vyacheslav"]
[Result "1-0"]
[WhiteElo "1688"]
[BlackElo "1878"]
[PlyCount "105"]
[EventDate "2013.08.03"]
[EventType "swiss"]
[EventRounds "9"]
[EventCountry "RUS"]
[SourceTitle "CBM 156 Extra"]
[Source "ChessBase"]
[SourceDate "2013.10.22"]
[SourceVersion "1"]
[SourceVersionDate "2013.10.22"]
[SourceQuality "1"]

1. c4 e5 2. Nc3 d6 3. g3 f5 4. Bg2 Nf6 5. d3 g6 6. Nf3 Bg7 7. Bd2 0-0 8. Qc2 Nc6 9. 0-0-0 Nd4 10. Nxd4 exd4 11. Nd5 c6 12. Nxf6+ Bxf6 13. h4 Be6 14. Kb1 a5 15. Qa4 Qe7 16. Rc1 Rfb8 17. Bf4 b5 18. cxb5 cxb5 19. Qa3 Ra6 20. Rc6 b4 21. Qa4 Bd7 22. Qb3+ Be6 23. Qc2 Rxc6 24. Qxc6 Qf7 25. b3 Rc8 26. Qa4 Qc7 27. Rc1 Qd8 28. Rxc8 Bxc8 29. Qc6 Kg7 30. Qxd6 Qe8 31. Bf3 Bd7 32. Qc7 Qe6 33. Qxa5 Qe7 34. Qc7 h6 35. Qd6 Qe8 36. Bxh6+ Kxh6 37. Qxf6 Qc8 38. Qxd4 Kh7 39. Qxb4 Qe8 40. a4 Bc6 41. Bxc6 Qxc6 42. a5 Qh1+ 43. Kc2 Qa1 44. Qb7+ Kh6 45. a6 Qa2+ 46. Kc3 Qxe2 47. a7 Qe5+ 48. d4 Qe1+ 49. Kc4 Qc1+ 50. Kb5 Qf1+ 51. Kc6 Qc1+ 52. Kd7 Qc3 53. a8Q 1-0